Guess the 1960s song lyrics #88 - Statistics

General Stats
  • This quiz has been taken 18 times
  • The average score is 119 of 178
Answer Stats
Answer % Correct
love
100%
a
93%
A
93%
and
93%
And
93%
I
93%
me
93%
the
93%
The
93%
to
93%
To
93%
Who
93%
who
93%
with
93%
you
93%
do
86%
For
86%
If
86%
in
86%
my
86%
Sir
86%
But
79%
but
79%
can
79%
from
79%
give
79%
heart
79%
know
79%
on
79%
That
79%
that
79%
time
79%
What
79%
what
79%
Of
71%
as
64%
come
64%
has
64%
how
64%
I'll
64%
It
64%
Lulu
64%
mind
64%
moon
64%
wanted
64%
will
64%
would
64%
am
57%
are
57%
days
57%
let
57%
live
57%
long
57%
Oh
57%
oh
57%
return
57%
right
57%
taken
57%
they
57%
try
57%
looks
50%
that's
50%
Those
50%
best
43%
isn't
43%
last
43%
leave
43%
someone
43%
taught
43%
wrong
43%
books
36%
easy
36%
end
36%
friend
36%
leaving
36%
make
36%
must
36%
sky
36%
still
36%
crayons
29%
gone
29%
learn
29%
lot
29%
perfume
29%
strong
29%
thank
29%
weak
29%
write
29%
biting
21%
closing
21%
letters
21%
nails
21%
schoolgirl
21%
tales
21%
telling
21%
thousand
21%
across
14%
feet
14%
high
14%
rather
14%
soar
14%
start
14%
No matching quizzes found
Score Distribution
Percent of People with Each Score
Percentile by Number Answered
Your Score History
You have not taken this quiz